[Event "US Open-112"]
[Site "Orlando"]
[Date "2011.08.03"]
[Round "3"]
[White "Danlag, Donald M"]
[Black "Berry, Frank Kimball"]
[Result "1-0"]
[WhiteElo "2064"]
[BlackElo "1900"]
[PlyCount "69"]
[EventDate "2011.07.30"]
[EventType "swiss"]
[EventRounds "9"]
[EventCountry "USA"]
[SourceTitle "CBM 143 Extra"]
[Source "ChessBase"]
[SourceDate "2011.08.29"]
[SourceVersion "1"]
[SourceVersionDate "2011.08.29"]
[SourceQuality "1"]

1. c4 Nf6 2. Nc3 e5 3. Nf3 Nc6 4. g3 Bb4 5. Bg2 Bxc3 6. bxc3 d6 7. d3 Rb8 8. Rb1 0-0 9. 0-0 Re8 10. Bg5 h6 11. Bd2 Ne7 12. Nh4 g5 13. Nf3 Ng6 14. Ne1 Kg7 15. e3 Bg4 16. f3 Bd7 17. f4 exf4 18. exf4 g4 19. Nc2 Bf5 20. Be3 c5 21. Bf2 Qa5 22. Ne3 Rxe3 23. Bxe3 Qxc3 24. Rb3 Qa5 25. Bd2 Qd8 26. Bc3 Kh7 27. Rxb7 Rxb7 28. Bxb7 Qe7 29. Bg2 Qe3+ 30. Kh1 Nd7 31. Re1 Qxd3 32. Qxd3 Bxd3 33. Rd1 Bxc4 34. Rxd6 Be6 35. Be4 1-0

[Event "USA-chT Amateur West"]
[Site "Woodland Hills"]
[Date "2009.02.15"]
[Round "3"]
[White "Stevens, Lawrence"]
[Black "Danlag, Donald M"]
[Result "1-0"]
[WhiteElo "2077"]
[BlackElo "2083"]
[PlyCount "53"]
[EventDate "2009.02.14"]
[EventType "team-swiss"]
[EventRounds "6"]
[EventCountry "USA"]
[SourceTitle "EXT 2014"]
[Source "ChessBase"]
[SourceDate "2013.11.20"]
[SourceVersion "1"]
[SourceVersionDate "2013.11.20"]
[SourceQuality "1"]

1. e4 c6 2. Nc3 d5 3. Nf3 dxe4 4. Nxe4 e6 5. d4 Nd7 6. Bc4 h6 7. Bf4 Ngf6 8. Ng3 Be7 9. 0-0 0-0 10. Re1 Re8 11. Qe2 Nb6 12. Bb3 Nbd5 13. Bd2 Bd6 14. Ne5 c5 15. dxc5 Bxc5 16. c4 Ne7 17. Bc3 Qc7 18. Nh5 Nxh5 19. Qxh5 Rf8 20. Rad1 Ng6 21. Bc2 Nxe5 22. Rxe5 Bd6 23. Rg5 f6 24. Qxh6 Rf7 25. Qh7+ Kf8 26. Qh8+ Ke7 27. Rxg7 1-0

[Event "US Open-109"]
[Site "Dallas"]
[Date "2008.08.09"]
[Round "8"]
[White "Holt, Conrad"]
[Black "Danlag, Donald M"]
[Result "1-0"]
[WhiteElo "2219"]
[BlackElo "2073"]
[PlyCount "87"]
[EventDate "2008.08.02"]
[EventType "swiss"]
[EventRounds "9"]
[EventCountry "USA"]
[SourceTitle "CBM 125 Extra"]
[Source "ChessBase"]
[SourceDate "2008.09.01"]
[SourceVersion "1"]
[SourceVersionDate "2008.09.01"]
[SourceQuality "1"]

1. d4 Nf6 2. c4 e6 3. Nf3 b6 4. Nc3 Bb7 5. Bg5 Bb4 6. Qb3 Qe7 7. e3 0-0 8. a3 Ba5 9. Bd3 d6 10. Bxh7+ Kxh7 11. Qc2+ Be4 12. Bxf6 Bxc2 13. Bxe7 Bxc3+ 14. bxc3 Re8 15. Bh4 Bd3 16. c5 Nd7 17. cxd6 cxd6 18. a4 Rac8 19. Kd2 Ba6 20. Ng5+ Kg8 21. Ne4 Rc6 22. Bg3 d5 23. Nd6 Ra8 24. f3 Nf6 25. h4 Nh5 26. Bh2 Rd8 27. Nb5 Rd7 28. Rhb1 Rc8 29. a5 Rc6 30. axb6 Rxb6 31. Nc7 Bc4 32. Rxb6 axb6 33. Ra8+ Kh7 34. Rb8 Nf6 35. g4 Ng8 36. Rxb6 Ne7 37. e4 Nc8 38. Rb8 Ne7 39. Ke3 Nc6 40. Rc8 Ne7 41. Ra8 f5 42. Nxe6 Rb7 43. Ng5+ Kg6 44. exf5+ 1-0

[Event "US Open-109"]
[Site "Dallas"]
[Date "2008.08.08"]
[Round "7"]
[White "Danlag, Donald M"]
[Black "Jackson, Trevor H"]
[Result "1-0"]
[WhiteElo "2073"]
[BlackElo "2158"]
[PlyCount "81"]
[EventDate "2008.08.02"]
[EventType "swiss"]
[EventRounds "9"]
[EventCountry "USA"]
[SourceTitle "CBM 125 Extra"]
[Source "ChessBase"]
[SourceDate "2008.09.01"]
[SourceVersion "1"]
[SourceVersionDate "2008.09.01"]
[SourceQuality "1"]

1. c4 e6 2. Nc3 d5 3. e3 Nf6 4. Nf3 Be7 5. Be2 0-0 6. 0-0 b6 7. cxd5 exd5 8. b3 Bb7 9. Bb2 Nbd7 10. Rc1 c6 11. d3 Re8 12. Re1 Bd6 13. Bf1 Nc5 14. Ne2 a5 15. Ned4 Qd7 16. g3 a4 17. Ng5 axb3 18. Bh3 Qd8 19. axb3 h6 20. Ngf3 g6 21. Ra1 Nh7 22. Rxa8 Qxa8 23. Qc2 Ba6 24. Bf1 Bc8 25. Ra1 Qb7 26. b4 Na6 27. Nxc6 Nxb4 28. Qc3 d4 29. Qxd4 f6 30. Nxb4 Bxb4 31. Qxb4 Qxf3 32. Bg2 Qe2 33. Qxb6 Qxd3 34. Bd4 Be6 35. Qc6 Bf7 36. Bd5 Kg7 37. Ra7 Rf8 38. Rxf7+ Rxf7 39. Bxf7 Kxf7 40. Qd7+ Kg8 41. Qd5+ 1-0